000 00519nam a2200181Ia 4500
008 240729s9999 xx 000 0 und d
022 _a2676-8364
245 0 _aTeaching Mathematics and Computer Science
260 _aHungary
260 _bUniversity of Debrecen
650 _a Electronic computers. Computer science
650 _a Instruments and machines
650 _a Mathematics
650 _aScience
856 _uhttps://doaj.org/toc/8ce24eb631ea442a9028abffd601fede
942 _2ddc
942 _cDOAJEJ
999 _c75019
_d75019
945 _a1
_bMadushi Gamage
_c1
_dMadushi Gamage